Pere Bosch Gimpera i el federalisme hispànic /
Descripción Física:
2 pàgs. ; il. b/n i col. ; 29 cm.
Colección:
Arrel : revista editada per la Diputació de Barcelona
; Núm. 14 (maig, 1986); pàgs. 35-36
Otros Autores:
Bosch Gimpera, P. (Pere), 1891-1974
MARC
| LEADER | 00000nab a2200000 a 4500 | ||
|---|---|---|---|
| 001 | 8161 | ||
| 003 | Arxiu | ||
| 005 | 20260324175953.0 | ||
| 008 | 160829s9999 xx 000 0 cat d | ||
| 100 | |a Maragall, Jordi, |d 1911-1999 |9 42811 | ||
| 245 | |a Pere Bosch Gimpera i el federalisme hispànic / |c Jordi Maragall | ||
| 260 | |a Barcelona : |b Diputació de Barcelona ; |c 1986 | ||
| 300 | |a 2 pàgs. ; |b il. b/n i col. ; |c 29 cm. | ||
| 490 | |a Arrel : revista editada per la Diputació de Barcelona ; |v Núm. 14 (maig, 1986); pàgs. 35-36 |x 0211-562X | ||
| 610 | 2 | 0 | |a Museu Arqueològic de Barcelona |9 54643 |
| 650 | |a Bosch Gimpera, Pere | ||
| 650 | |a Federalisme |x Espanya |9 42813 | ||
| 700 | 1 | |a Bosch Gimpera, P. |q (Pere), |d 1891-1974 |9 35533 |t El federalisme hispànic | |
| 856 | 4 | |u https://media.diba.cat/diba/fitxers/arxiu/hemeroteca/arrel/8161/bib_8161_1984_1986_n06_a09_baixa.pdf |y bib_8161_1984_1986_baixa.pdf | |
| 856 | 4 | ||
| 900 | |a bib_8161_1984_1986_n06_a09_baixa.pdf | ||
| 901 | |a Arxiu | ||
| 942 | |n 1 |2 udc |c Articles de revista | ||
| 952 | |0 0 |1 0 |2 udc |4 0 |6 REV94 |7 1 |9 51042 |a Arxiu |b Arxiu |d 2016-12-01 |o Rev-94 |r 2016-12-01 00:00:00 |w 2016-12-01 |y ARXIU | ||
| 999 | |c 54885 |d 54885 | ||